00644nam a2200169 i 450000100060000000300090000600500170001500700030003200800410003510000340007624501250011026000420023530000220027785200320029999900170033195201260034834449ES-MaACL20230906154933.0t|030207s1957 xxu ||||1| eng d1 aBloomfield, Lincoln P.92956510aEvolution o revolution? b: the United Nations and the problem of peaceful territorial change / cLincoln P. Bloomfield. aHarvard : bUniversity Press, c1957. a220 p. ; c22 cm. aES-MaACLjC-17952 bR.46066 c34449d34449 00104070aATENEOMbATENEOMcGaleríad2008-01-17eSCl0oC-17952p1035934r2023-02-23 00:00:00w2023-02-23yMONOGRAFIA